Mot mystérieux - Série 09 - Statistiques

Statistiques générales
  • Ce quiz a été pris 252 fois
  • Le résultat moyen est 8 sur 10
Statistiques - réponses
Indices Mot % Correct
Planche - Perdu - Farine - Mie Pain
97%
Anglaise - Bras - Voûte - Molette Clé
95%
Fumée - Chaleur - Pompier - Cheminée Feu
94%
Rugir - Roi - Part - Zodiaque Lion
94%
Visage - Pied - Parfum - Cyrano Nez
93%
Icare - Avion - Moulin - Oiseau Ailes
84%
Loges - Rideau - Odeon - Coulisses Théâtre
84%
Ceinture - Marge - Sociale - Routière Sécurité
80%
Fleurs - Dent - Danoise - Laurier Couronne
50%
Police - Enfers - Lit - Rapide Descente
27%
Aucun quiz correspondant
Distribution des résultats
% des personnes avec chaque résultat
Percentile par nombre de réponses
Votre historique - résultats
Vous n’avez pas pris ce quiz